000 01003nam a22002417a 4500
003 PE SENCICO BE
005 20251020182646.0
008 231114b |||||||| |||| 00| 0 eng d
040 _aPE SENCICO BE
_cPE SENCICO BE
041 _aspa
084 _aI
_aDIB
_a2016
_bD19
100 1 _91787
_aDavila Paulino, Ivan David
_eautor
245 1 _aTécnicas de presentación :
_bbocetos, apuntes y perspectivas /
_cIvan David Davila Paulino
260 _aLima :
_c2016
300 _a56 h. :
_bdiagrs. ;
_c30 cm.
502 _aMonografía de Titulación.-- Servicio Nacional de Capacitación para la Industria de la Construcción. Escuela Superior Técnica. Carrera Profesional Técnica en Dibujo en Construcción Civil, 2016.
650 1 0 _9827
_aTécnicas de dibujo
650 2 0 _9428
_aDibujo arquitectónico
650 2 0 _9453
_aPerspectiva
710 1 _aServicio Nacional de Capacitación para la Industria de la Construcción.
_bEscuela Superior Técnica
_91065
910 _bhfp
_chfp
942 _cMON
999 _c4440
_d4440